000 00621nam a2200241Ia 4500
003 OSt
005 20221007081508.0
006 a|||||r|||| 00| 0
007 ta
008 221006b |||||||| |||| 00| 0 eng d
024 _a26,466
037 _cTextual
040 _aFLL
_cFLL
_beng
041 _2eng
_aeng
082 _aZ73:6y7, L1
100 _aReese Willis L.M.
245 0 _aConflict of laws
250 _a6th
260 _aNew York
_bThe Foundation Press, Inc. New
_c1971
300 _alxxi,1-1058p
_ccm.
942 _hZ73:6y7, L1
_cTEXL
_2CC
999 _c1163244
_d1163244